| 000 | 00769nam a2200253 a 4500 | ||
|---|---|---|---|
| 001 | 7459 | ||
| 003 | BD-RjUL | ||
| 005 | 20211208234421.0 | ||
| 008 | 160830r19941989ii a b 000 0 eng d | ||
| 020 | _a8120805089 (Paper) | ||
| 035 | _a(BD-RjUL)7502 | ||
| 040 |
_aDLC _cDLC _dDLC _beng |
||
| 041 | _aeng | ||
| 082 | 0 | 0 |
_a491.45 _223 _bSHP 1994 |
| 100 | 1 |
_aShapiro, Michael C. _923300 |
|
| 245 | 1 | 2 |
_aA Primer of modern standard Hindi / _cMichael C. Shapiro. |
| 260 |
_aDelhi : _bMotilal Banarsidass, _c1989 [Reprinted 1994] |
||
| 300 |
_axvi, 293 p. : _bill. ; _c25 cm. |
||
| 504 | _aIncludes bibliographical references (p. [251]-254). | ||
| 650 | 0 |
_aHindi language _xGrammar _923301 |
|
| 942 |
_2ddc _cBK |
||
| 999 |
_c7459 _d7459 |
||